Statistics for On This Day (September 24th) Multiple Choice

Click here to take the quiz!

General Stats

  • This quiz has been taken 9 times
  • The average score is 5 of 15

Answer Stats

QuestionAnswer% Correct
1946 – Cathay Pacific Airways is founded in which city ?Hong Kong
71%
1960 – The world's first nuclear-powered aircraft carrier, is launched. What was it's name ?USS Enterprise
71%
2008 – Thabo Mbeki resigns as president of which African nation ?South Africa
57%
1830 – A revolutionary committee of notables forms the Provisional Government of which country ?Belgium
43%
2007 – Which team wins the first ever T20 International Cricket World Cup ?India
43%
1890 – The Church of Jesus Christ of Latter-day Saints officially renounces what practice ?Polygamy
43%
1973 – Guinea-Bissau declares its independence from which nation ?Portugal
43%
1645 – The Battle of Rowton Heath is a Parliamentarian victory over a Royalist army commanded by King Charles. In which English county is Rowton Heath ?Cheshire
29%
787 – Second Council of Nicaea: The council assembles in which religious building ?Hagia Sophia, Turkey
29%
1852 – The first airship powered by (a steam) engine, created by Henri Giffard, travels 17 miles (27 km) from Paris to which nearby village ?Trappes
29%
1996 – Representatives of how many nations sign the Comprehensive Nuclear-Test-Ban Treaty at the United Nations ?71
14%
1911 – His Majesty's Airship No. 1, Britain's first rigid airship, is wrecked by strong winds before her maiden flight from which town ?Barrow in Furness
0%
1972 – Japan Airlines Flight 472 lands at Juhu Aerodrome instead of Santacruz Airport in which city ?Bombay, India
0%
1906 – U.S. President Theodore Roosevelt proclaims which natural landmark as the nation's first National Monument ?Devil's Tower
0%
1948 – Which major Japanese motor vehicle manufacturing company is founded ?Honda
0%

Score Distribution

Percentile by Number Answered

Percent of People with Each Score

Your Score History

You have not taken this quiz